[Event "AUTO-INT-400"]
[Site "http://www.queenalice.com/game.php?id=190624"]
[Date "2007.3.31"]
[Round "1"]
[White "dtrainey"]
[Black "SuperMathBoy"]
[Result "1-0"]
[WhiteElo "1551"]
[BlackElo "1650"]

1. d4 Nf6 2. c4 g6 3. d5 Bg7 4. Nc3 d6 5. e4 O-O 6. h3 e6 7. Nf3 exd5 8. Nxd5
Nxe4 9. Bd3 Re8 10. Bxe4 Rxe4+ 11. Ne3 Nc6 12. O-O Bd7 13. Qd5 Re8 14. Ng5 Be6
15. Nxe6 fxe6 16. Qd2 a5 17. Rb1 a4 18. b4 axb3 19. axb3 Ra5 20. Re1 Re5 21. Ng4
Rxe1+ 22. Qxe1 Nd4 23. Bb2 Qh4 24. Bxd4 Bxd4 25. Qe4 Bb6 26. g3 Qe7 27. Qxb7 Rf8
28. b4 h5 29. c5 dxc5 30. bxc5 Qxc5 31. Ne3 Qe5 32. Qc6 Bxe3 33. fxe3 Qxe3+ 34.
Kh2 Rf2+ 35. Kh1 Qf3+ 36. Qxf3 Rxf3 37. Kg2 Rc3 38. Rb8+ Kf7 39. Rb7 Kf6 40. h4
c5 41. Kf2 c4 42. Rd7 Rd3 43. Rxd3 cxd3 44. Ke3 Kf5 45. Kxd3 Kg4 46. Ke4 Kxg3
47. Ke5 Kxh4 48. Kxe6 g5 49. Kf5 g4 50. Kf4 Kh3 51. Kg5 1-0

[Event "AUTO-INT-400"]
[Site "http://www.queenalice.com/game.php?id=190625"]
[Date "2007.3.31"]
[Round "1"]
[White "SuperMathBoy"]
[Black "dtrainey"]
[Result "1-0"]
[WhiteElo "1665"]
[BlackElo "1526"]

1. e4 e5 2. Nc3 Nf6 3. g3 c5 4. Bg2 d6 5. d3 Nc6 6. Nge2 d5 7. exd5 Nxd5 8. Nxd5
Be6 9. c4 Bxd5 10. Bxd5 Qb6 11. Nc3 Ne7 12. Bg2 g6 13. Bg5 Qxb2 14. Ne4 O-O-O
15. O-O Rd7 16. Nxc5 Rc7 17. Rb1 Qxa2 18. Bxb7+ Kd8 19. d4 h6 20. dxe5+ Ke8 21.
Bc6+ Nxc6 22. Rb8+ Nxb8 23. Qd8# 1-0

[Event "AUTO-INT-400"]
[Site "http://www.queenalice.com/game.php?id=190640"]
[Date "2007.3.31"]
[Round "1"]
[White "MasterCaster"]
[Black "SuperMathBoy"]
[Result "0-1"]
[WhiteElo "1544"]
[BlackElo "1708"]

1. e4 c5 2. Qf3 Nc6 3. Bc4 Ne5 4. Qc3 Nxc4 5. Qxc4 d6 6. e5 Be6 7. Qb5+ Bd7 8.
Qxb7 dxe5 9. d3 e6 10. Bg5 Be7 11. Be3 Nf6 12. c3 O-O 13. d4 cxd4 14. cxd4 exd4
15. Bxd4 Rc8 16. Ne2 Bc6 17. Qxa7 Bxg2 18. Rg1 Ra8 19. Qb6 Qxb6 20. Bxb6 Be4 21.
Nd2 Bg6 22. Rc1 Rxa2 23. Bd4 Bb4 24. Rg4 Nxg4 25. h3 Nh2 26. Rc4 Nf3+ 27. Kd1
Bxd2 28. Ng3 Bd3 29. Rc5 Ra1+ 30. Rc1 Rxc1# 0-1

[Event "AUTO-INT-400"]
[Site "http://www.queenalice.com/game.php?id=190641"]
[Date "2007.3.31"]
[Round "1"]
[White "SuperMathBoy"]
[Black "MasterCaster"]
[Result "1-0"]
[WhiteElo "1685"]
[BlackElo "1509"]

1. e4 Nf6 2. e5 Ne4 3. d3 Nc5 4. d4 Ne4 5. f3 Ng5 6. Bxg5 f6 7. exf6 exf6 8. Be3
Bb4+ 9. c3 Qe7 10. Qe2 Bd6 11. Nd2 g5 12. Ne4 f5 13. Bxg5 Qe6 14. Nxd6+ cxd6 15.
Nh3 h6 16. Bh4 O-O 17. Nf4 Qf7 18. Qc4 Re8+ 19. Kd2 b6 20. Qxf7+ Kxf7 21. Bc4+
Kf8 22. Bd5 Nc6 23. Bf6 Rb8 24. Ng6# 1-0

[Event "AUTO-INT-400"]
[Site "http://www.queenalice.com/game.php?id=190650"]
[Date "2007.3.31"]
[Round "1"]
[White "bragchez"]
[Black "SuperMathBoy"]
[Result "0-1"]
[WhiteElo "1573"]
[BlackElo "1669"]

1. Nf3 Nf6 2. d4 g6 3. c4 Bg7 4. h3 d6 5. d5 O-O 6. Nc3 c5 7. Bf4 Nbd7 8. e4 Qa5
9. Be2 Nxe4 10. O-O Nxc3 11. bxc3 Qxc3 12. Rc1 Qa5 13. Qc2 a6 14. Ng5 b5 15. Bd2
Qb6 16. Rb1 b4 17. Bh5 h6 18. Ne6 gxh5 19. Nxg7 Kxg7 20. Qb2+ Nf6 21. Rfe1 Bf5
22. Rbd1 Rae8 23. Qc1 Rh8 24. Bf4 Qc7 25. Qb2 Reg8 26. Rd3 Bxd3 27. Bg3 Kf8 28.
Bh4 Be4 29. Bxf6 Rxg2+ 30. Kf1 Rhg8 31. Ke2 exf6 32. Qxf6 Qe7 33. Qxh6+ Ke8 34.
Qxh5 Bf3+ 35. Kd2 Rxf2+ 36. Kc1 Qxe1# 0-1

[Event "AUTO-INT-400"]
[Site "http://www.queenalice.com/game.php?id=190651"]
[Date "2007.3.31"]
[Round "1"]
[White "SuperMathBoy"]
[Black "bragchez"]
[Result "1-0"]
[WhiteElo "1727"]
[BlackElo "1586"]

1. e4 e5 2. Nc3 a6 3. g3 Bc5 4. Bg2 f5 5. d3 d6 6. Nge2 fxe4 7. Nxe4 Bb6 8. Bg5
Qd7 9. c4 Qf5 10. O-O Be6 11. N2c3 Nc6 12. Be3 Nf6 13. Nxf6+ gxf6 14. Ne4 O-O-O
15. b4 Nxb4 16. Rb1 Nc6 17. Bxb6 cxb6 18. Rxb6 Rd7 19. c5 d5 20. Nd6+ Kb8 21.
Nxf5 Bxf5 22. Qa4 Bxd3 23. Qxc6 Rhd8 24. Bxd5 Rc7 25. Rxb7+ Rxb7 26. Qxb7# 1-0

[Event "AUTO-ADV-475"]
[Site "http://www.queenalice.com/game.php?id=202801"]
[Date "2007.4.26"]
[Round "1"]
[White "SuperMathBoy"]
[Black "Enrico"]
[Result "0-1"]
[WhiteElo "1737"]
[BlackElo "1738"]

1. e4 e5 2. Nc3 Nf6 3. g3 Bc5 4. Bg2 d6 5. Na4 Bb4 6. c3 Ba5 7. b4 Bb6 8. Nxb6
axb6 9. Ne2 Nc6 10. O-O O-O 11. d3 Ne7 12. f4 exf4 13. gxf4 b5 14. Nd4 c6 15. f5
d5 16. e5 Ne8 17. f6 gxf6 18. exf6 Ng6 0-1

[Event "AUTO-ADV-475"]
[Site "http://www.queenalice.com/game.php?id=202802"]
[Date "2007.4.26"]
[Round "1"]
[White "Enrico"]
[Black "SuperMathBoy"]
[Result "1-0"]
[WhiteElo "1754"]
[BlackElo "1721"]

1. e4 c5 2. Nc3 d6 3. d4 cxd4 4. Qxd4 Nc6 5. Qa4 a6 6. Be3 b5 7. Qb3 Nf6 8. Nf3
Bb7 9. Bd3 e6 10. a3 Be7 11. h3 O-O 12. O-O-O Rc8 13. Nd4 Na5 14. Qa2 Nc4 15.
Bd2 Qb6 16. Bxc4 Rxc4 17. Be3 Qc7 18. f3 1-0

[Event "AUTO-ADV-475"]
[Site "http://www.queenalice.com/game.php?id=202803"]
[Date "2007.4.26"]
[Round "1"]
[White "SuperMathBoy"]
[Black "chessnm"]
[Result "0-1"]
[WhiteElo "1665"]
[BlackElo "1701"]

1. e4 e5 2. Nc3 Nf6 3. g3 b6 4. Bg2 Bb7 5. Nge2 Bc5 6. O-O d5 7. d3 d4 8. Nb1
Nc6 9. f4 Ng4 10. Kh1 h5 11. h4 Ne3 12. Bxe3 dxe3 13. Nbc3 Nd4 14. fxe5 g5 15.
Nxd4 Bxd4 16. Qf3 Rh7 0-1

[Event "AUTO-ADV-475"]
[Site "http://www.queenalice.com/game.php?id=202804"]
[Date "2007.4.26"]
[Round "1"]
[White "chessnm"]
[Black "SuperMathBoy"]
[Result "1-0"]
[WhiteElo "1685"]
[BlackElo "1681"]

1. d4 Nf6 2. Nf3 g6 3. e3 Bg7 4. c3 d6 5. Bd3 O-O 6. O-O c5 7. Re1 Be6 8. c4
cxd4 9. Nxd4 Bd7 10. Nc3 Nc6 11. Rb1 Rc8 12. Nxc6 Bxc6 13. e4 Nd7 14. Nd5 a5 15.
Be3 e6 16. Nf4 1-0